000 01217nam a2200289 i 4500
001 66506
003 ES-MaACL
005 20250731005148.0
007 t|
008 020426s2001 sp |||| | spa d
020 _a84-95265-23-0
080 _a339.166(460):669.21
080 _a339.9(460:430)"1936/39"
080 _a339.9(460:430)"1939/55"
245 0 4 _aLos movimientos de oro en España durante la Segunda Guerra Mundial
_b: (R.D. 1131/1997, de 11 de julio) /
_cdirigido por Pablo Martín Aceña ; equipo de investigación, Pablo Martín Aceña ... [et al.].
260 _aMadrid :
_bMinisterio de Asuntos Exteriores, Secretaría General Técnica,
_c2001.
300 _a239 p. :
_bil., gráf. ;
_c25 cm.
490 1 _aBiblioteca diplomática española. Estudios ;
_v22
650 1 4 _aOro-
_zEspaña-
_yS.XX.
_9167818
650 0 4 _aGuerra mundial, 1939-1945-
_xConfiscaciones.
_913237
651 4 _aEspaña-
_xRelaciones económicas-
_zAlemania.
_9167819
700 1 _aMartín Aceña, Pablo.
_977383
710 1 _aEspaña.
_bMinisterio de Asuntos Exteriores.
_93845
830 0 0 _aBiblioteca diplomática española.
_pEstudios
_v22
_9179518
852 _aES-MaACL
_jL-26995
999 _c66506
_d66506